000 00346nam a2200133Ia 4500
008 240624s9999 xx 000 0 und d
041 _aeng
082 _a658.3 WER
100 _aWERNER JON M
245 _aHUMAN RESOURCE DEVELOPMENT
250 _a(5th ed.)
260 _c2012
_aNew Delhi
_bCengage Learning
300 _axxii, : 600 : p. : cm. ; 24
999 _c21523
_d21523